Pays le plus beau (Europe) - Statistiques

Statistiques générales
  • Ce quiz a été pris 329 fois
  • Le résultat moyen est 11 sur 15
Statistiques - réponses
Hint Réponse % Correct
1er France
100%
3eme Espagne
98%
5eme Italie
96%
2eme Portugal
90%
14eme Allemagne
86%
9eme Suisse
84%
6eme Grece
78%
11eme Norvege
70%
10eme Finlande
65%
15eme Croatie
64%
13eme Pologne
62%
4eme Russie
61%
7eme Malte
48%
8eme Andorre
38%
12eme Lituanie
38%
Aucun quiz correspondant
Distribution des résultats
% des personnes avec chaque résultat
Percentile par nombre de réponses
Votre historique - résultats
Vous n’avez pas pris ce quiz